• 首页
  • 本馆介绍
  • 公告通知
  • 最新文献
  • 馆藏检索
  • 电子资源
  • 读者导购
  • 参考咨询
  • 我的图书馆
  • 登录
  • 详细信息显示
  • 放入我的书架
  • 预约/预借图书
  • 作者相关作品
  • 分类相关作品
  • 丛书相关作品
  • 出版社相关作品

书目信息

  • 表格格式
  • 工作单格式
  • 卡片格式
题名:
中外童声合唱歌曲精选
    
 
作者: 吕道义, 主编
分册:  
出版信息: 大连   大连出版社  2009
页数: 234页
开本: 28cm
丛书名:
单 册:
中图分类: J652.63
科图分类:
主题词: 儿童歌曲--合唱--世界--选集
电子资源:
ISBN: 978-7-80612-299-0
000 01399nam0 2200301 450
001 2371757983
005 20231203200723.45
010    @a978-7-80612-299-0@dCNY30.00
010    @a978-7-88353-557-7@b光盘
010    @a978-7-88353-556-0@b光盘
100    @a20120305d2009 em y0chiy50 ea
101 0  @achi
102    @aCN@b210000
105    @ag z 000yy
200 1  @a中外童声合唱歌曲精选@Azhong wai tong sheng he chang ge qu jing xuan@f吕道义主编
205    @a第3版@b修订本
210    @a大连@c大连出版社@d2009
215    @a234页@c乐谱@d28cm
300    @a中小学课外艺术活动参考教材 附实用练声曲50例
312    @a英文并列题名取自封面
314    @a吕道义, 辽宁大连人, 儿童声乐教育家, 中国音乐家协会会员, 中国童声合唱委员会常委, 大连市童声合唱学会会长。从事童声合唱教学与研究40余载, 历任大连市少年宫、青少年宫合唱团首席指挥, 百余首作品在全国、省、市级合唱比赛中获奖。
330    @a入选本书的作品, 绝大部分是由各地少年宫、电台、电视台少儿合唱团演唱过的精品。这些作品主要包括不同历史时期广为流传的少儿合唱经典歌曲; 根据民歌和中外少儿影视曲目改编的合唱; 反映当代少年儿童生活的新作; 特别是一些在群众中广为传唱深受欢迎的混声合唱经典等。
510 1  @aSelection of children’s choruses from China and abroad@zeng
606 0  @a儿童歌曲@x合唱@y世界@j选集
690    @aJ652.63@v5
701  0 @a吕道义,@Alv dao yi@f1937-@4主编
801  0 @aCN@b湖北三新@c20120305
905    @aBZT@dJ652.63@e6=3
    
    中外童声合唱歌曲精选/吕道义主编.-第3版,修订本.-大连:大连出版社,2009
    234页:乐谱;28cm
    中小学课外艺术活动参考教材 附实用练声曲50例
    
    ISBN 978-7-80612-299-0:CNY30.00
    入选本书的作品, 绝大部分是由各地少年宫、电台、电视台少儿合唱团演唱过的精品。这些作品主要包括不同历史时期广为流传的少儿合唱经典歌曲; 根据民歌和中外少儿影视曲目改编的合唱; 反映当代少年儿童生活的新作; 特别是一些在群众中广为传唱深受欢迎的混声合唱经典等。
●
相关链接 在五车中查询图书 在当当中查询图书 在豆瓣中查询图书


正题名:中外童声合唱歌曲精选     索取号:J652.63/6=3         预约/预借

序号 登录号 条形码 馆藏地/架位号 状态 备注
1 2001322202   2001322202   320书库/ [索取号:J652.63/6=3] 在馆    
2 2001322203   2001322203   320书库/ [索取号:J652.63/6=3] 在馆    
3 2001322204   2001322204   320书库/ [索取号:J652.63/6=3] 在馆    
4 2001322205   2001322205   320书库/ [索取号:J652.63/6=3] 在馆    
5 2001322206   2001322206   320书库/ [索取号:J652.63/6=3] 在馆    
6 2001322207   2001322207   320书库/ [索取号:J652.63/6=3] 在馆    
山东省滨州职业学院图书馆 欢迎您!
大连网信软件有限公司© 版权所有